1421 1955 1715 1384 1559 1755 1666 1057 1832 1451 1503 1385 1488 1623 1045 1861 1778 1162 1911 1170 1524 1128 1570 1004 1017 1978 1834 1140 1910 1495 1564 1423 1170 1833 1132 1550 1929 1847 1864 1902 1306 1402 1241 1460 1305 1106 1310 1210 1115 1560 1046 1904 1789 1474 1600 1533 1254 1044 1477 1647 1460 1652 1283 1250 1905 1646 1921 1927 1299 1361 1777 1805 1829 1527 1355 1089 1929 1585 1603 1611 1646 1460 1807 1275 1788 1004 1530 1596 1659 1665 1298 1830 1495 1439 1250 1607 1307 1462 1454 BCNSPRNW ULIB Ver.6.0+V

เปลี่ยนเป็นภาษาไทย

Change to English
 แสดงรายละเอียดบรรณานุกรม
  กลับหน้าหลัก

Brief Record : Get Marc (ISO 2709) : E-mail record : QR code < ปิดหน้าต่าง
LEADER : 00000nas 2200000uu 4500
001    13399122824
003     ULIB
008    020711s|||| th a 000 0 tha d
022    16869494
110    โรงพยาบาลศูนย์/โรงพยาบาลทั่วไป เขต4
245    วารสารวิชาการโรงพยาบาลศูนย์/โรงพยาบาลทั่วไป เขต4(วิทยาเขตนครสวรรค์)/^cโรงพยาบาลศูนย์/โรงพยาบาลทั่วไป เขต4
260    อ่างทอง :^bโรงพยาบาลศูนย์/โรงพยาบาลทั่วไป เขต4,^cม.ป.ป.
310    ^aรายสี่เดือน
850 ^a ULIB:campus^bปีที่ 15 ฉบับที่ 2 ;ปีที่ 15 ฉบับที่ 3 ;ปีที่ 16 ฉบับที่ 1 ;ปีที่ 16 ฉบับที่ 2 ฉ.1 ;ปีที่ 17 ฉบับที่ 1 ฉ.1 ;ปีที่ 17 ฉบับที่ 2 ฉ.1
850 ^a ULIB^bปีที่ 16 ฉบับที่ 3 ฉ.1 ;ปีที่ 17 ฉบับที่ 3 ฉ.1
945    ^p0^l0^i800659
945    ^p0^l0^i800834
945    ^p0^l0^i800931
945    ^p0^l0^i801108
945    ^p0^l0^i902945
945    ^p0^l0^i801370
945    ^p0^l0^i801452
945    ^p0^l0^i903707
999    ^aทศพร เกษรทอง
รายการนี้ยังไม่มีแท็ก
คุณยังไม่ได้ล็อกอิน คุณสามารถมีกิจกรรมร่วมกับเว็บไซต์ได้ แต่ต้องล็อกอินก่อน ::
  ล็อกอิน

รายการสื่อสารสนเทศ (วารสาร)

ดูแบบ: กล่อง รายการ
ARRIVED
ปีที่ 15 ฉบับที่ 2
สถานที่: ห้องสมุดวิทยาเขตนครสวรรค์ >วารสาร
ARRIVED
ปีที่ 15 ฉบับที่ 3
สถานที่: ห้องสมุดวิทยาเขตนครสวรรค์ >วารสาร
ARRIVED
ปีที่ 16 ฉบับที่ 1
สถานที่: ห้องสมุดวิทยาเขตนครสวรรค์ >วารสาร
ARRIVED
ปีที่ 16 ฉบับที่ 2 ฉ.1
สถานที่: ห้องสมุดวิทยาเขตนครสวรรค์ >วารสาร
ARRIVED
ปีที่ 16 ฉบับที่ 3 ฉ.1
สถานที่: ห้องสมุดวิทยาเขตสวรรค์ประชารักษ์ >หนังสือพิมพ์
ARRIVED
ปีที่ 17 ฉบับที่ 1 ฉ.1
สถานที่: ห้องสมุดวิทยาเขตนครสวรรค์ >วารสาร
ARRIVED
ปีที่ 17 ฉบับที่ 2 ฉ.1
สถานที่: ห้องสมุดวิทยาเขตนครสวรรค์ >วารสาร
ARRIVED
ปีที่ 17 ฉบับที่ 3 ฉ.1
สถานที่: ห้องสมุดวิทยาเขตสวรรค์ประชารักษ์ >วารสาร

BibComment


ยังไม่เคยถูกคอมเมนท์

คอมเมนท์ทรัพยากรรายการนี้
  คอมเมนท์: วารสารวิชาการโรงพ..


 Copyright 2026. Bcnsprnw @Library